| 000 | 00762 a2200205 4500 | ||
|---|---|---|---|
| 999 |
_c6042 _d6042 |
||
| 020 | _a0471152641 (cloth) | ||
| 020 | _a0471006890 (pbk.) | ||
| 050 | 0 | 0 | _aQC21.2 BEN 1996 |
| 100 | 1 |
_aBenson, Harris. _eauthor |
|
| 245 | 1 | 0 |
_aUniversity physics / _cHarris Benson. |
| 250 | _aRev. ed. | ||
| 264 |
_aNew York: _bJohn Wiley & Sons, _c1996 |
||
| 300 |
_axvi, 942, [47] p. : _bcol. ill. ; |
||
| 500 | _aIncludes index. | ||
| 650 | 0 | _aPhysics. | |
| 856 | 4 | 2 |
_3Publisher description _uhttp://www.loc.gov/catdir/description/wiley032/95041514.html |
| 856 | 4 |
_3Table of Contents _uhttp://www.loc.gov/catdir/toc/onix02/95041514.html |
|
| 942 |
_2lcc _cBK _hRevised _i21.2 _kQC |
||